Kritické posúdenie prognostického významu Valsalvovho únikového tlaku na výsledok implantácie transobturatórnej suburetrálnej pásky
Guardado en:
| Autor principal: | |
|---|---|
| Otros Autores: | , , , , , , |
| Formato: | Capítulo de libro |
| Lenguaje: | eslovaco |
| Materias: | |
| Etiquetas: |
Sin Etiquetas, Sea el primero en etiquetar este registro!
|
MARC
| LEADER | 00000naa$a2200000$$$4500 | ||
|---|---|---|---|
| 001 | 0091434 | ||
| 005 | 20240502072023.6 | ||
| 041 | 0 | |a slo | |
| 044 | |a SK | ||
| 245 | 1 | 0 | |a Kritické posúdenie prognostického významu Valsalvovho únikového tlaku na výsledok implantácie transobturatórnej suburetrálnej pásky |c M. Romančík, I. Lutter, F. Goncalves, J. Mardiak, A. Havalda, Viera Labudová, P. Weibl, M. Obšitník |
| 610 | 2 | 0 | |a lekárstvo |
| 610 | 2 | 0 | |a porovnanie štatistické |
| 610 | 2 | 0 | |a analýza regresná |
| 100 | 1 | |a Romančík, M. | |
| 700 | 1 | |a Lutter, I. | |
| 700 | 1 | |a Goncalves, F. | |
| 700 | 1 | |a Mardiak, J. | |
| 700 | 1 | |a Havalda, A. | |
| 700 | 1 | |a Labudová, Viera, 1958- | |
| 700 | 1 | |a Weibl, P. | |
| 700 | 1 | |a Obšitník, M. | |